000
00270nam a2200109Ia 4500
008
220204s9999 xx 000 0 und d
082
_a
82-3
_b
KEN
100
_a
Keneally, Thomas
245
0
_a
Blood red, sister rose
260
_a
Great Britain
_b
Fontana
_c
1976
942
_c
BK
999
_c
29291
_d
29291